SISTEMA DE BIBLIOTECAS
Carmen Mendoza De Cornielle

Química fundamental / (Registro nro. 16822)

Detalles MARC
000 -CABECERA
campo de control de longitud fija 01800cam a2200301 i 4500
001 - NÚMERO DE CONTROL
campo de control 16822
003 - IDENTIFICADOR DEL NÚMERO DE CONTROL
campo de control DO-SdUEMH
005 - FECHA Y HORA DE LA ÚLTIMA TRANSACCIÓN
campo de control 20260216141830.0
007 - CAMPO FIJO DE DESCRIPCIÓN FÍSICA--INFORMACIÓN GENERAL
campo de control de longitud fija ta
008 - DATOS DE LONGITUD FIJA--INFORMACIÓN GENERAL
campo de control de longitud fija 211105s1968 mx a||||ri||| 001 0 spa|d
040 ## - FUENTE DE LA CATALOGACIÓN
Centro catalogador/agencia de origen DO-SdUEMH
Lengua de catalogación spa
Normas de descripción rda
041 ## - CÓDIGO DE LENGUA
Código de lengua del texto/banda sonora o título independiente spa
Código de lengua original eng
082 14 - NÚMERO DE LA CLASIFICACIÓN DECIMAL DEWEY
Colección Colección General
Número de clasificación 540
Número de documento/Ítem A565q
084 ## - OTRO NÚMERO DE CLASIFICACIÓN
Item number 08-01368
100 ## - ENTRADA PRINCIPAL--NOMBRE DE PERSONA
Nombre de persona Andrews, Donald H.
Término indicativo de función/relación autor
245 10 - MENCIÓN DE TÍTULO
Título Química fundamental /
Mención de responsabilidad, etc. Donald H. Andrews, Richard J. Kokes ; colaborador: Richard J. Kokes prologo: Donald H. Andrews, Richard J. Kokes
250 ## - MENCIÓN DE EDICIÓN
Mención de edición Segunda edición
264 01 - PRODUCCIÓN, PUBLICACIÓN, DISTRIBUCIÓN, FABRICACIÓN Y COPYRIGHT
Lugar de producción, publicación, distribución, fabricación México :
Nombre del de productor, editor, distribuidor, fabricante Centro Regional de Ayuda Técnica, AID,
Fecha de producción, publicación, distribución, fabricación o copyright 1968
264 #4 - PRODUCCIÓN, PUBLICACIÓN, DISTRIBUCIÓN, FABRICACIÓN Y COPYRIGHT
Fecha de producción, publicación, distribución, fabricación o copyright ©1968
300 ## - DESCRIPCIÓN FÍSICA
Extensión 846 páginas :
Otras características físicas ilustraciones
Dimensiones 23 cm.
336 ## - TIPO DE CONTENIDO
Fuente rdacontent
Término de tipo de contenido texto
Código de tipo de contenido txt
337 ## - TIPO DE MEDIO
Fuente rdamedia
Nombre del tipo de medio sin mediación
Código del tipo de medio n
338 ## - TIPO DE SOPORTE
Fuente rdacarrier
Nombre del tipo de soporte volumen
Código del tipo de soporte nc
504 ## - NOTA DE BIBLIOGRAFÍA, ETC.
Nota de bibliografía, etc. Bibliografías en paginas 827
505 2# - NOTA DE CONTENIDO CON FORMATO
Nota de contenido con formato La arquitectura del átomo -- El núcleo -- La estructura atómica -- Ecuaciones químicas y estequiometría -- Enlace químico -- Enlace covalente -- Naturaleza de los gases -- Estructura cristalina -- Líquidos -- Soluciones y disoluciones -- Leyes de la termodinámica -- Segunda y tercera leyes de la termodinámica -- Equilibrio químico -- Equilibrio en disolución -- Equilibrio complejo en disoluciones -- Electroquímica -- Reacciones de oxidación-reducción -- Cinética química -- Química de los elementos de los grupos I, II y III -- Química de los subgrupos del cobre, zinc, galio y germanio -- Química de los elementos de los grupos V, VI y VII -- Estructura y relaciones de los no metales -- Los elementos de transición -- La naturaleza de los metales y las aleaciones -- Iones complejos -- Introducción a la química orgánica y bioquímica -- Química nuclear.
942 ## - ELEMENTOS DE PUNTO DE ACCESO ADICIONAL (KOHA)
Fuente del sistema de clasificación o colocación Dewey Decimal Classification
Tipo de ítem Koha Libro
Suprimir en OPAC No
Existencias
Estado de retiro Estado de pérdida Fuente del sistema de clasificación o colocación Estado dañado Disponibilidad para préstamo Código de colección Localización permanente Ubicación/localización actual Ubicación en estantería Fecha de adquisición Fuente de adquisición Total de préstamos Signatura topográfica completa Código de barras Fecha visto por última vez Número de copia Precio válido a partir de Tipo de ítem Koha
    Dewey Decimal Classification   Disponible para préstamo Colección General UNIREMHOS SEDE UNIREMHOS SEDE Colección General 11/05/2021 Donación   CG 0801368 11/05/2021 ej. 1 11/05/2021 Libro
UNIREMHOS

Av. Abraham Lincoln no. 126, casi esq. José Contreras,
Santo Domingo, República Dominicana

Correo: info@uniremhos.edu.do

Tel.: (809) 532-3739

Horario: Lunes a Viernes: 8:00 am - 6:00 pm | Sábados: 8:00 am - 12:00 m

📍 Ubicación
UNEFA

Av. 27 de Febrero no. 52, El Vergel,
Santo Domingo, República Dominicana

Tel.: (809) 530-0224

📍 Ubicación
UFHEC

Av. Máximo Gómez esq. César Nicolás Penson, La Esperilla,
Santo Domingo, República Dominicana

Tel.: (809) 537-6000

📍 Ubicación